MOTOR CONTROL TRAINING COURSE (Record no. 573640)
[ view plain ]
| 000 -LEADER | |
|---|---|
| fixed length control field | 00210nam a22000977a 4500 |
| 082 ## - DEWEY DECIMAL CLASSIFICATION NUMBER | |
| Classification number | 621.462 MOT'W |
| 100 ## - MAIN ENTRY--PERSONAL NAME | |
| Personal name | WESTING |
| 9 (RLIN) | 65426 |
| 245 ## - TITLE STATEMENT | |
| Title | MOTOR CONTROL TRAINING COURSE |
| 260 ## - PUBLICATION, DISTRIBUTION, ETC. | |
| Place of publication, distribution, etc. | USA |
| Name of publisher, distributor, etc. | WMCTC |
| 942 ## - ADDED ENTRY ELEMENTS (KOHA) | |
| Koha item type | Book |
| Withdrawn status | Lost status | Damaged status | Not for loan | Permanent Location | Current Location | Shelving location | Date acquired | Total Checkouts | Full call number | Barcode | Date last seen | Price effective from | Koha item type |
|---|---|---|---|---|---|---|---|---|---|---|---|---|---|
| College of Electrical & Mechanical Engineering (CEME) | College of Electrical & Mechanical Engineering (CEME) | General Stacks | 02/17/2017 | 621.462 MOT'W | CEME-19585 | 06/28/2021 | 06/28/2021 | Book |
